000 01201nam a2200325 i 4500
003 EG-GICUC
005 20260307122545.0
008 260307s1965 su ||||fr|||| 00| 0 ara d
040 _a EG-GICUC
_bara
_c EG-GICUC
_d EG-GICUC
_erda
041 0 _aara
082 0 4 _221
_a354.2
_bم ح . ت
092 0 4 _221
099 _aLaw1 07 345.2 م ح . ت 1 ed - 1965
100 0 _aمحمد توفيق صادق
245 1 _aتطور الحكم والادارة في المملكة العربية السعودية /
_cمحمد توفيق صادق.
250 _aالطبعة الأولى
264 _aالرياض :
_b[معهد الادارة العامة]،
_c1965.
300 _a266 صفحة ؛
_c23 سم
336 _2rda content
_atext
337 _2rda media
_aComputer
338 _2rda carrier
_aOnline Resource
500 _aيشتمل على خرائط، جداول، ملاحق.
504 _aيشتمل على إرجاعات ببليوجرافية.
546 _aالنص باللغة العربية
650 1 4 _aالقانون الإداري
_2qrmak
651 1 _2qrmak
856 4 0 _uhttps://fll.law.cu.edu.eg/fulltext/bks/B07-00707.pdf
905 _a65
942 _2ddc
_cBK
_e21
_n0
999 _c65570
_d65570